000 01136cam a2200313 i 4500
001 38713
003 Mx-PuUPA
005 20240307150835.0
008 140415s2014 mx a gr 000 0 spa d
020 _a9786070085932
040 _cMx-PuUPA
_aMx-PuUPA
_bspa
_dMx-PuUPA
_erda
041 0 _aspa
100 1 _aDiaz, Carlos Eduardo,‏ ‎
_d1973-
_915397
_eautor
245 1 0 _aGuadalupe :
_bla Virgen florida /
_cCarlos Eduardo Díaz
246 1 4 _aGuadalupe la Virgen florida :
_bcontexto histórico y significado de la Señora del Tepeyac.
250 _a2a. edición /
_bdiciembre
264 1 _aCiudad de México :
_bCarlos Eduardo Díaz,
_c2014
300 _a171 páginas :
_bilustraciones ;
_c21 cm
336 _2rdacontent
_atexto
_btxt
337 _2rdamedia
_asin medio
_bn
338 _2rdacarrier
_avolumen
_bnc
600 0 4 _aVirgen María,
_xHistoria
_zMéxico
600 0 4 _aVirgen María
_xApariciones y milagros
600 0 4 _aNuestra Señora de Guadalupe,
_zMéxico
600 0 4 _aVirgen de Guadalupe
_xCulto
942 _2ddc
_cLI
_h232.9170972
_iD536
999 _c38713
_d38713